• 首页
  • 本馆介绍
  • 公告通知
  • 最新文献
  • 馆藏检索
  • 电子资源
  • 读者导购
  • 参考咨询
  • 我的图书馆
  • 登录
  • 详细信息显示
  • 放入我的书架
  • 预约/预借图书
  • 作者相关作品
  • 分类相关作品
  • 丛书相关作品
  • 出版社相关作品

书目信息

  • 表格格式
  • 工作单格式
  • 卡片格式
题名:
菊花与刀
    
 
作者: 本尼迪克特 著 ;孙志民 , 马小鹤 , 朱理胜 译
分册:  
出版信息: 北京   九州出版社  2005
页数: 234页
开本: 24cm
丛书名: “了解日本”系列
单 册:
中图分类: G131.32 , C955.313
科图分类:
主题词: 文化--研究--日本 , 民族心理--研究--日本
电子资源:
ISBN: 7-80195-231-6
000 01386oam2 2200337 450
001 1562643125
005 20150117172431.65
010    @a7-80195-231-6@dCNY25.00
100    @a20050416d2005 em y0chiy50 ea
101 1  @achi@ceng
102    @aCN@b110000
105    @aa z 000yy
200 1  @a菊花与刀@9ju hua yu dao@e日本文化的诸模式@e插图珍藏本@f(美)鲁思·本尼迪克特(Ruth Benedict)著@g孙志民,马小鹤,朱理胜译
210    @a北京@c九州出版社@d2005
215    @a234页@c图,照片@d24cm
225 2  @a“了解日本”系列@e插图本
305    @a根据查理·E.图特尔出版公司1974年修订版,并参照日本长谷川松治之日译本(社会思想社1972年改订第1版)译出
330    @a本书所讲“菊”是日本皇室族徽、“刀”是武士文化的象征,以此阐述日本人的矛盾性格和日本文化的双重性,讲述了一个真实的日本、矛盾的日本、美丑善恶并存的日本、一言难尽的日本……
461  0 @12001 @a“了解日本”系列
510 1  @aThe Chrysanthemum and the Sword@zeng
517 1  @a日本文化的诸模式@9ri ben wen hua de zhu mo shi
606 0  @a文化@x研究@y日本
606 0  @a民族心理@x研究@y日本
690    @aG131.32@v5
690    @aC955.313@v5
701  0 @c(美)@a本尼迪克特@9ben ni di ke te@c(女, Bencdict, Ruth Fulton@f1887~1948)@4著
702  0 @a孙志民@9sun zhi min@4译
702  0 @a马小鹤@9ma xiao he@f(1949.5~)@4译
702  0 @a朱理胜@9zhu li sheng@4译
801  0 @aCN@bTSSF@c20150117
905    @aZUCC@dG131.32@eJY2
    
    菊花与刀:日本文化的诸模式:插图珍藏本/(美)鲁思·本尼迪克特(Ruth Benedict)著/孙志民,马小鹤,朱理胜译.-北京:九州出版社,2005
    234页:图,照片;24cm.-(“了解日本”系列:插图本)
    
    
    ISBN 7-80195-231-6:CNY25.00
    本书所讲“菊”是日本皇室族徽、“刀”是武士文化的象征,以此阐述日本人的矛盾性格和日本文化的双重性,讲述了一个真实的日本、矛盾的日本、美丑善恶并存的日本、一言难尽的日本……
●
相关链接 在E读中查询图书 在五车中查询图书 在当当中查询图书 在豆瓣中查询图书


正题名:菊花与刀     索取号:G131.32/JY2         预约/预借

序号 登录号 条形码 馆藏地/架位号 状态 备注
1 7852448   278524483   学院路分馆/ [索取号:G131.32/JY2] 在馆    
唐山师范学院图书馆 欢迎您!
大连网信软件有限公司© 版权所有